000 00509nam a2200193 a 4500
001 1767414371000
003 YourLibrary
005 20260103103038.0
008 260103s2005##################000#0#eng##
020 _a9780060766627
082 0 4 _a296.155
_bWIS
100 1 _aWise, Michael O.,
_eauthor.
245 1 0 _aThe Dead Sea Scrolls - Revised Edition :
260 _bHarper Collins,
_c2005.
300 _a690 pages
650 0 _aReligion.
942 _cENGLISH
040 _aYourLibrary
_beng
_cYourLibrary
999 _c606883
_d606883